Management natural resources : (Record no. 84695)

MARC details
000 -LEADER
fixed length control field 00649nam a22001937a 4500
005 - DATE AND TIME OF LATEST TRANSACTION
control field 20140611143641.0
010 ## - LCCN (DPL NO)
LC control number ENG-110082
020 ## - INTERNATIONAL STANDARD BOOK NUMBER
International Standard Book Number 9788120349339
Terms of availability 550.00
035 ## - SYSTEM CONTROL NUMBER
System control number EN-93615
037 ## - SOURCE OF ACQUISITION
Source of stock number/acquisition DBAD/PUB
082 ## - DEWEY DECIMAL CLASSIFICATION NUMBER
Classification number 333.7
245 ## - TITLE STATEMENT
Title Management natural resources :
Statement of responsibility, etc edited by Harikesh N. Mishra
Remainder of title focus on land and water /
260 ## - PUBLICATION, DISTRIBUTION, ETC. (IMPRINT)
Place of publication, distribution, etc Delhi
Name of publisher, distributor, etc PHI Learning
Date of publication, distribution, etc 2014
270 ## - ADDRESS
Address Rimjhim House, 111,Patparganj Industrial Estate
City Delhi
Postal code 110092
300 ## - PHYSICAL DESCRIPTION
Extent xxxiv,361p. :
Dimensions 24cm(pbk)
Other physical details ill
500 ## - GENERAL NOTE
General note Includes bibliographical references and index
700 ## - ADDED ENTRY--PERSONAL NAME
Personal name Mishra, Harikesh N.
942 ## - ADDED ENTRY ELEMENTS (KOHA)
Source of classification or shelving scheme Dewey Decimal Classification
Item type English Books
Call number suffix MAN
Classification part 333.7
Holdings
Withdrawn status Lost status Not for loan Collection code Home library Current library Date acquired Source of acquisition Cost, normal purchase price Full call number Barcode Copy number Cost, replacement price Koha item type
    Not For Loan Non-fiction D.B.Act.Division D.B.Act.Division 30/05/2014 DBAD/PUB 550.00 333.7 MAN EN-93615 1 550.00 English Books

© Delhi Public Library
Hit Counter
free hit counter